Nom de tableaux connus - Statistiques

Statistiques générales
  • Ce quiz a été pris 570 fois
  • Le résultat moyen est 8 sur 16
Statistiques - réponses
Par images Réponse % Correct
La Joconde
99%
Le Cri
90%
La nuit étoilée
84%
Guernica
79%
Le radeau de la méduse
73%
La Cène
72%
La Jeune fille à la perle
61%
La naissance de Vénus
60%
Le baiser
55%
Impression, Soleil levant
26%
La mort de Marat
23%
American Gothic
15%
La Grande Vague De Kanagawa
15%
La Persistance de la mémoire
15%
Soup campbell
1%
Untitled
1%
Aucun quiz correspondant
Distribution des résultats
% des personnes avec chaque résultat
Percentile par nombre de réponses
Votre historique - résultats
Vous n’avez pas pris ce quiz